Statistiques concernant Culture Générale - Série 1262

Cliquez ici pour prendre le quiz!

Statistiques générales

  • Ce quiz a été pris 38 fois
  • Le résultat moyen est 6 sur 10

Statistiques - réponses

QuestionRéponse% Correct
Dans une bande dessinée, quel animal est Pif, le complice d'Hercule ?chien
95%
Selon les cinq piliers de l'islam, dans quelle ville sainte les musulmans doivent-ils se rendre en pèlerinage au moins une fois ?La Mecque
92%
Quelle est la nationalité de Claudia Schiffer ?allemande
84%
Quel est le prénom de la fille de Vanessa Paradis et Johnny Depp ?Lily Rose
79%
En 1926, aux Folies-Bergères, quels fruits composaient la fameuse ceinture de Joséphine Baker ?bananes
79%
Comment s'appelle le serviteur muet de Don Diego de la Vega ?Bernardo
63%
En arithmétique, comment appelle-t-on le résultat d'une division ?quotient
61%
En cuisine, quel verbe désigne l'action de dissoudre les sucs de cuisson à l'aide d'un liquide, pour obtenir une sauce ?déglacer
45%
Quels petits êtres recouverts de fourrure et vêtus de capuchons en cuir, découverts dans le film "Le Retour du Jedi", vivent sur la lune forestière Endor ?Ewoks
37%
Quel nom porte le stade de football, où évoluent les Chamois Niortais ?stade René Gaillard
0%

Distribution des résultats

Percentile par nombre de réponses

% des personnes avec chaque résultat

Votre développement - résultats

Vous n’avez pas pris ce quiz